Study of judicial response to the acquisition of land under the land acquisition act, 1894 (Record no. 501510)

000 -LEADER
fixed length control field 00502cam a22001457a 4500
008 - FIXED-LENGTH DATA ELEMENTS--GENERAL INFORMATION
fixed length control field 180718b1989 xxu||||| |||| 00| 0 eng d
082 ## - DEWEY DECIMAL CLASSIFICATION NUMBER
Classification number APPPA 88-89 HAR
100 ## - MAIN ENTRY--PERSONAL NAME
Personal name Harnal, Ashok
245 ## - TITLE STATEMENT
Title Study of judicial response to the acquisition of land under the land acquisition act, 1894
Statement of responsibility, etc. by Ashok Harnal
260 ## - PUBLICATION, DISTRIBUTION, ETC.
Place of publication, distribution, etc. New Delhi
Name of publisher, distributor, etc. Indian Institute of Public Administration
Date of publication, distribution, etc. 1989
300 ## - PHYSICAL DESCRIPTION
Extent 165p.
650 ## - SUBJECT ADDED ENTRY--TOPICAL TERM
Topical term or geographic name entry element Land acquisition act, 1894
650 ## - SUBJECT ADDED ENTRY--TOPICAL TERM
Topical term or geographic name entry element Land acquisition
650 ## - SUBJECT ADDED ENTRY--TOPICAL TERM
Topical term or geographic name entry element Judicial response
Holdings
Withdrawn status Lost status Damaged status Not for loan Permanent Location Current Location Date acquired Full call number Barcode Date last seen Price effective from Koha item type
        Indian Institute of Public Administration Indian Institute of Public Administration 2018-08-04 APPPA 88-89 HAR GR12180 2018-08-04 2018-08-04 GR

Powered by Koha